=LDR 00000nam 2200000 4500 =001 001051 =005 20250713081430 =035 ##$$a 0010-0725000932 =007 ta =008 250713################a##########0#ind## =020 ##$$a 978-623-307-555-8 =082 ##$$a 398.209 598 =084 ##$$a 398.209 598 CHE d =100 #$$a Cheh, Komar Rien Komar =245 1#$$a Di Mana Kucingnya? /$c Komar Rien Komar Cheh =250 ##$$a Cetakan Pertama =260 ##$$a Jakarta Timur :$b Badan Pengembangan dan Pembinaan Bahasa,$c 20222 =300 ##$$a 24 hal : $b ilus. ; $c 21,5 cm =650 #4$$a Literasi-Bahan Bacaan =600 #4$$a Cerita Anak Indonesia-Terjemahan =856 ##$$a TBM As-Suhada =990 ##$$a TBM202400975